Statistiques concernant Exportations d'armes - États-Unis

Cliquez ici pour prendre le quiz!

Statistiques générales

  • Ce quiz a été pris 11 669 fois
    (5 780 depuis la dernière actualisation)
  • Le résultat moyen est 13 sur 22

Statistiques - réponses

Milliards $Pays% Correct
1,38Canada
85%
6,42Japon
80%
4,46Royaume-Uni
79%
7,73Australie
78%
4,38Inde
76%
3,58Israël
76%
19,0Arabie Saoudite
71%
0,97Ukraine
71%
5,32Corée du Sud
67%
2,74Irak
63%
2,02Égypte
60%
5,14Qatar
60%
2,38Turquie
60%
2,10Italie
59%
5,92Émirats Arabes Unis
57%
1,65Maroc
48%
3,84Koweït
39%
2,91Norvège
39%
1,63Afghanistan
38%
3,35Taïwan
38%
2,64Pays-Bas
28%
1,86Singapour
21%

Distribution des résultats

Percentile par nombre de réponses

% des personnes avec chaque résultat

Votre développement - résultats

Vous n’avez pas pris ce quiz depuis la dernière actualisation